000 00518nam a2200181Ia 4500
008 240925s9999 xx 000 0 und d
020 _a9781118002742
082 _a363.25963 BIE
100 _aBiegelman, Martin T.
245 0 _aFaces of Fraud: cases and lessons from a life fighting fraudsters
250 _a1st
260 _aNew York:
_bJohn Wiley & Sons
_c,2013.
300 _aVarious pages
_bNA
_fOriginal
500 _aIncludes Index
600 _aSocial Sciences
650 _aSocial Sciences
942 _cBK
999 _c15087
_d15087